Les Luthiers - El regreso de Carlitos - Estadísticas

Estadísticas generales
  • Esta prueba ha sido intentada 13 veces
  • La puntuación promedio es 21 de 29
Estadísticas de respuestas
% Correcto
Ella se estaba haciendo las trenzas... criollita linda, Margarita, muchacha de los ojazos negros... ¡{cómo las quise a las tres}!
88%
Que si no me hubiera ido, {hoy no podría volver}
88%
Sí, avezado. {A veces sí, a veces no}. Por ejemplo ¿te acordás de Azucena?
88%
Tenés razón Carlitos, fueron veinte años muy largos. {De trece, catorce meses}
88%
Tenés razón Carlitos, yo vivo penando desde que falleció mi tercera esposa y me quedé solo... {con dos}.
88%
{Yo traté, pero no pude}. Lo que pasa Carlitos, es que las mujeres sólo nos causan dolor.
88%
Y... {ya habrá terminado}
88%
¿{Algo que comiste}?
75%
Encarnación... ¡{qué fea que era}!
75%
{Esa muchacha sí que te quiere}... ¡Pobre Estela!
75%
estoy volviendo a {París}.
75%
{Pero aunque sea intentalo}
75%
que se le declaró... {el sarampión}.
75%
Quise decirle que yo llevaba puesta sólo la camiseta... ¡{Nunca lloré tanto en una despedida}!
75%
Sí, me despedí, pero {no dije adiós, dije "au revoir"}.
75%
sólo rogué que estuviera {desinfectado}.
75%
Son {doscientos cuarenta meses}
75%
Tenés razón, Carlitos, ¡{cómo nada}!
75%
tu recuerdo me ha dejado {una cicatriz}.
75%
Vos lo has dicho, Carlitos, inenarrable. Carlitos, ¿{qué quiere decir inenarrable}?
75%
Algunas hasta {se van sin pagar}.
63%
Es que nosotros somos unos blandos, Carlitos. Nosotros somos unos blandos. Yo por ejemplo, no puedo ver llorar a una mujer... {sin pegarle antes.}
63%
{Porque son horribles}
63%
Sí Carlitos, lo que pasa es que salvo {la madre de uno} son todas unas ingratas. Uno les da su amor y ellas te pagan mal.
63%
¡Tenías razón Carlitos, tenías razón... {es horrible}!
63%
{Un problema, dos problemas, tres problemas}...
63%
y... {soldó}
63%
Carlitos, ahora que estamos regresando deberíamos olvidarnos de las mujeres, deberíamos {tratar de vivir de otra cosa}. Podríamos tratar de vivir del tango, por ejemplo.
50%
No Carlitos, no es difícil conjugarlo: {yo soy muy hombre con la tolerancia, tú eres muy hombre con la tolerancia, él es muy hombre con la tolerancia}...
50%
No se encontraron pruebas coincidentes
Distribución de puntuación
Porcentaje de gente con cada puntuación
Porcentaje por número respondido
Historial de tus puntuaciones
No has intentado esta prueba.